Statystyki dla Lana del rey - Ride

Kliknij tutaj aby rozwiązać quiz!

Ogólne statystyki

  • Ten quiz został rozwiązany 51 razy
  • Średni wynik to 193 z 302

Statystyki odpowiedzi

Odpowiedź% Poprawnych
I
97%
ride
89%
a
86%
summer
86%
my
84%
an
81%
be
78%
hear
78%
just
78%
Just
78%
You
78%
am
76%
fast
76%
breeze
73%
drive
73%
in
73%
on
73%
the
73%
alone
70%
been
70%
Been
70%
but
70%
birds
68%
do
68%
me
68%
midnight
68%
mind
68%
not
68%
tryin'
68%
at
65%
get
65%
hard
65%
hard)
65%
to
65%
and
62%
crazy
62%
(Don't
62%
Don't
62%
fucking
62%
got
62%
I've
62%
(I've
62%
road
62%
So
62%
time
62%
trouble
62%
war
62%
can
59%
into
59%
tired
59%
I'm
57%
that
57%
full
54%
like
54%
now
54%
now)
54%
open
54%
too
54%
feeling
51%
of
51%
out
51%
see
51%
down
49%
down)
49%
stars
49%
way
49%
All
46%
all
46%
baby
46%
daddy
46%
eyes
46%
good
46%
pretty
46%
'til
46%
trying
46%
With
46%
(With
46%
around
43%
around)
43%
father
43%
say
43%
we
43%
bye
41%
bye)
41%
dark
41%
driving
41%
gold
41%
his
41%
(Leave
41%
Leave
41%
leave
41%
life
41%
made
41%
That's
41%
turn
41%
white
41%
break
38%
cold
38%
day
38%
Drink
38%
Dying
38%
has
38%
or
38%
Singing
38%
young
38%
art
35%
getting
35%
long)
35%
long
35%
old
35%
one
35%
song)
35%
song
35%
blues
32%
dry)
32%
dry
32%
high
32%
Hot
32%
it
32%
myself
32%
talk
32%
playing
30%
keep
27%
travelin'
27%
sane
22%
doves
11%

Rozkład punktacji

Percentyl według liczby udzielonych odpowiedzi

Procent ludzi z każdym wynikiem

Twoja historia wyników

Nie rozwiązałeś tego quizu